Anatomy - Branches of the Aorta - Statistics

General Stats
  • This quiz has been taken 57 times
    46 since last reset
  • The average score is 9 of 26
Answer Stats
Answer % Correct
Renal
79%
Inferior mesenteric
60%
Superior mesenteric
60%
Brachiocephalic
57%
Subclavian
57%
Celiac trunk
55%
Common carotid
48%
Common iliac
48%
Gonadal
48%
Splenic
43%
Ascending aorta
31%
External iliac
31%
Internal iliac
31%
Common hepatic
29%
Aortic arch
26%
Descending aorta
26%
Left gastric
26%
Abdominal aorta
21%
Axillary
17%
Right gastric
14%
Gastroduodenal
12%
Inferior phrenic
12%
Intercostal
10%
Proper hepatic
10%
Vertebral
10%
Inferior epigastric
0%
No matching quizzes found
Score Distribution
Percent of People with Each Score
Percentile by Number Answered
Your Score History
You have not taken this quiz since the last reset